Desarrollo de un prototipo de un sistema de control automático de una ducha eléctrica mediante reconocimiento por comandos de voz para personas con discapacidad en las extremidades inferiores, y no videntes
Presenta un sistema que permite controlar la temperatura, el flujo de agua, y el incendio y apagado de comandos de voz, con el fin de ofrecer independencia a la persona no vidente y personas con discapacidades en las extremidades inferiores.
| Main Author: | |
|---|---|
| Other Authors: | |
| Format: | Tesis Section = Libro |
| Language: | Undetermined Spanish |
| Published: |
Managua
UNI
2017
|
| Subjects: |
| LEADER | 01144nam a2200253Ia 4500 | ||
|---|---|---|---|
| 008 | 240830s9999 xx 000 0 und d | ||
| 040 | |a BIBLIOTECA-RUSB/ Mon 629.8 A473 | ||
| 041 | |a spa | ||
| 082 | |a Mon 629.8 A473 | ||
| 100 | 1 | |a Álvarez Espinoza, José Antonio | |
| 245 | 1 | 0 | |a Desarrollo de un prototipo de un sistema de control automático de una ducha eléctrica mediante reconocimiento por comandos de voz para personas con discapacidad en las extremidades inferiores, y no videntes |
| 260 | |a Managua |b UNI |c 2017 | ||
| 300 | |a 87 p. :il. | ||
| 500 | |a Contiene: anexos e Incluye: CD. | ||
| 502 | |a Tesis (Ingeniero Electrónico) - UNI, 2017. | ||
| 520 | 3 | |a Presenta un sistema que permite controlar la temperatura, el flujo de agua, y el incendio y apagado de comandos de voz, con el fin de ofrecer independencia a la persona no vidente y personas con discapacidades en las extremidades inferiores. | |
| 650 | 7 | |a SISTEMAS DE CONTROL AUTOMATICO | |
| 650 | 7 | |b COMANDOS DE VOZ | |
| 650 | 7 | |c MICROCONTROLADORES | |
| 650 | 7 | |d CONSUMO ENERGETICO | |
| 700 | 1 | |a Tutor: |b Ortega, Carlos | |
| 942 | |c BK |2 ddc | ||
| 991 | |a TESIS | ||
| 999 | |c 20524 | ||